Statistics for Busiest Air Routes from the U.K.

Click here to take the quiz!

General Stats

  • This quiz has been taken 2,880 times
    (2,194 since last reset)
  • The average score is 31 of 50

Answer Stats

#Destination% Correct
5.24 milNew York City
98%
4.58 milParis
97%
3.65 milMadrid
94%
9.91 milDublin
93%
3.21 milRome
93%
9.68 milAmsterdam
91%
4.84 milBarcelona
91%
2.84 milBerlin
89%
3.07 milFrankfurt
87%
1.70 milLos Angeles
86%
1.33 milOslo
86%
3.47milMilan
84%
2.37 milMunich
84%
1.97 milStockholm
84%
2.06 milLisbon
83%
1.31 milAthens
81%
3.27 milCopenhagen
81%
5.87 milDubai
81%
1.79 milIstanbul
80%
1.38 milVienna
76%
1.86 milWarsaw
76%
2.01 milZurich
74%
1.71 milToronto
70%
1.70 milPrague
69%
1.90 milBudapest
67%
3.48 milGeneva
63%
1.74 milNice
62%
1.73 milHong Kong
60%
1.40 milVenice
59%
1.30 milSingapore
57%
5.25 milPalma de Mallorca
56%
1.29 milBucharest
52%
1.79 milDoha
51%
1.49 milAbu Dhabi
49%
5.44 milMalaga
49%
1.29 milReykjavik
41%
4.40milTenerife
41%
1.49 milDusseldorf
40%
1.25 milKrakow
39%
1.81 milIbiza
38%
5.18 milAlicante
37%
1.29 milCork
37%
1.43 milOrlando
36%
3.88 milFaro
31%
1.36 milValletta
27%
1.62 milLas Palmas
21%
2.59 milLanzarote
18%
1.24 milLarnaca
12%
1.32 milFuerteventura
11%
1.42 milPaphos
7%

Score Distribution

Percentile by Number Answered

Percent of People with Each Score

Your Score History

You have not taken this quiz since the last reset